Les pays contenant beaucuop d'orthodoxes (entre 80 % et 90 %) - Statistiques

Statistiques générales
  • Ce quiz a été pris 90 fois
  • Le résultat moyen est 2 sur 3
Statistiques - réponses
Hint Réponse % Correct
88,12 % Grèce
79%
80,06 % Roumanie
72%
81,04 % Géorgie
53%
Aucun quiz correspondant
Distribution des résultats
% des personnes avec chaque résultat
Percentile par nombre de réponses
Votre historique - résultats
Vous n’avez pas pris ce quiz